[Event "DEM U18 2024"]
[Site "Willingen GER"]
[Date "2024.05.24"]
[Round "8"]
[White "Pikalow, Michael"]
[Black "Rempe, Jonas"]
[Result "0-1"]
[Termination "normal"]
[Board "11"]
[WhiteElo "2089"]
[BlackElo "2170"]
[WhiteClock "00:47:59"]
[BlackClock "01:17:49"]
[PlyCount "36"]
[WhiteFideId "16227638"]
[BlackFideId "16202406"]
[EventCountry "GER"]
[EventRounds "9"]
[EventType "swiss"]
[EventDate "2024.05.18"]

1. e4 {[%clk 01:30:59]} e5 {[%clk 01:30:46]} {[%emt 00:00:14]} 2. Nf3 {[%clk
01:31:23]} {[%emt 00:00:05]} Nc6 {[%clk 01:31:13]} {[%emt 00:00:04]} 3. d4
{[%clk 01:31:49]} {[%emt 00:00:04]} exd4 {[%clk 01:31:32]} {[%emt 00:00:11]} 4.
Nxd4 {[%clk 01:32:17]} {[%emt 00:00:03]} Nf6 {[%clk 01:31:51]} {[%emt
00:00:10]} 5. Nxc6 {[%clk 01:32:42]} {[%emt 00:00:05]} bxc6 {[%clk 01:32:18]}
{[%emt 00:00:04]} 6. e5 {[%emt 00:00:02]} Qe7 7. Qe2 {[%clk 01:33:38]} {[%emt
00:00:01]} Nd5 {[%clk 01:33:09]} {[%emt 00:00:09]} 8. c4 {[%clk 01:34:05]}
{[%emt 00:00:03]} Nb6 {[%clk 01:33:27]} {[%emt 00:00:12]} 9. Nc3 {[%clk
01:31:07]} {[%emt 00:03:28]} Ba6 {[%clk 01:33:47]} {[%emt 00:00:10]} 10. b3
{[%clk 01:28:58]} {[%emt 00:02:39]} O-O-O {[%clk 01:34:05]} {[%emt 00:00:12]}
11. Bb2 {[%clk 01:26:12]} {[%emt 00:03:15]} Re8 {[%clk 01:34:05]} {[%emt
00:00:31]} 12. O-O-O {[%clk 01:01:34]} {[%emt 00:25:08]} Qxe5 {[%clk 01:29:13]}
{[%emt 00:05:22]} 13. Qf3 {[%clk 01:00:31]} {[%emt 00:01:34]} Bc5 {[%clk
01:23:48]} {[%emt 00:05:55]} 14. Bd3 {[%clk 00:58:48]} {[%emt 00:02:13]} Bd4
{[%clk 01:23:02]} {[%emt 00:01:16]} 15. Kc2 {[%clk 00:56:40]} {[%emt 00:02:37]}
Qf6 {[%clk 01:18:48]} {[%emt 00:04:44]} 16. Bf5 {[%clk 00:50:52]} {[%emt
00:06:18]} g6 {[%clk 01:17:46]} {[%emt 00:01:31]} 17. Ne4 {[%clk 00:47:38]}
{[%emt 00:03:44]} Rxe4 {[%clk 01:17:53]} {[%emt 00:00:24]} 18. Bxd4 {[%clk
00:47:59]} {[%emt 00:00:09]} Rxd4 {[%clk 01:17:49]} {[%emt 00:00:35]} 0-1

[Event "DEM U18 2024"]
[Site "Willingen GER"]
[Date "2024.05.24"]
[Round "8"]
[White "Storm, Max"]
[Black "Morczynski, Joachim"]
[Result "1/2-1/2"]
[Termination "normal"]
[Board "12"]
[WhiteElo "1903"]
[BlackElo "1980"]
[WhiteClock "00:00:47"]
[BlackClock "00:39:50"]
[PlyCount "124"]
[WhiteFideId "34625658"]
[BlackFideId "16209745"]
[EventCountry "GER"]
[EventRounds "9"]
[EventType "swiss"]
[EventDate "2024.05.18"]

1. e4 {[%clk 01:30:57]} {[%emt 00:00:02]} c5 {[%clk 01:30:54]} {[%emt
00:00:07]} 2. Nf3 {[%clk 01:31:22]} {[%emt 00:00:06]} d6 {[%clk 01:31:18]}
{[%emt 00:00:06]} 3. d4 {[%clk 01:31:33]} {[%emt 00:00:19]} cxd4 {[%clk
01:31:42]} {[%emt 00:00:06]} 4. Qxd4 {[%clk 01:31:59]} {[%emt 00:00:04]} Nc6
{[%clk 01:32:05]} {[%emt 00:00:07]} 5. Bb5 {[%clk 01:32:25]} {[%emt 00:00:04]}
Bd7 {[%clk 01:32:31]} {[%emt 00:00:04]} 6. Bxc6 {[%clk 01:32:50]} {[%emt
00:00:05]} Bxc6 {[%clk 01:32:56]} {[%emt 00:00:05]} 7. Nc3 {[%clk 01:33:15]}
{[%emt 00:00:04]} Nf6 {[%clk 01:33:22]} {[%emt 00:00:04]} 8. Bg5 {[%clk
01:33:40]} {[%emt 00:00:05]} e6 {[%clk 01:33:47]} {[%emt 00:00:05]} 9. O-O-O
{[%clk 01:34:03]} {[%emt 00:00:07]} Be7 {[%clk 01:34:12]} {[%emt 00:00:04]} 10.
Rhe1 {[%clk 01:34:27]} {[%emt 00:00:06]} O-O {[%clk 01:34:13]} {[%emt
00:00:31]} 11. e5 {[%clk 01:33:22]} {[%emt 00:01:34]} dxe5 {[%clk 01:29:13]}
{[%emt 00:05:30]} 12. Nxe5 {[%clk 01:32:53]} {[%emt 00:00:59]} Qxd4 {[%clk
01:25:25]} {[%emt 00:04:19]} 13. Rxd4 {[%clk 01:33:16]} {[%emt 00:00:07]} Bxg2
{[%clk 01:08:00]} {[%emt 00:17:55]} 14. Rg1 {[%clk 01:17:08]} {[%emt 00:16:36]}
Bc6 {[%clk 01:08:24]} {[%emt 00:00:07]} 15. Nxc6 {[%clk 01:11:09]} {[%emt
00:06:30]} bxc6 {[%clk 01:08:47]} {[%emt 00:00:06]} 16. Bh6 {[%clk 01:09:54]}
{[%emt 00:01:45]} Ne8 {[%clk 01:08:42]} {[%emt 00:00:35]} 17. Rd7 {[%clk
01:08:05]} {[%emt 00:02:19]} Bb4 {[%clk 01:04:24]} {[%emt 00:04:49]} 18. Ne4
{[%clk 01:04:43]} {[%emt 00:03:51]} Kh8 {[%clk 01:03:50]} {[%emt 00:01:03]} 19.
Be3 {[%clk 01:01:49]} {[%emt 00:03:24]} Nf6 {[%clk 00:50:24]} {[%emt 00:13:57]}
20. Bd4 {[%clk 01:00:01]} {[%emt 00:02:18]} e5 {[%clk 00:44:13]} {[%emt
00:06:42]} 21. Bxe5 {[%clk 00:57:08]} {[%emt 00:03:22]} Rae8 {[%clk 00:44:29]}
{[%emt 00:00:13]} 22. Bxf6 {[%clk 00:51:46]} {[%emt 00:05:53]} gxf6 {[%clk
00:44:51]} {[%emt 00:00:08]} 23. Ng3 {[%clk 00:47:09]} {[%emt 00:05:07]} Bc5
{[%clk 00:42:48]} {[%emt 00:02:33]} 24. Nf5 {[%clk 00:44:28]} {[%emt 00:03:09]}
Bxf2 {[%clk 00:40:13]} {[%emt 00:03:07]} 25. Rg2 {[%clk 00:42:47]} {[%emt
00:02:10]} Bc5 {[%clk 00:40:06]} {[%emt 00:00:38]} 26. c3 {[%clk 00:22:06]}
{[%emt 00:21:12]} Rg8 {[%clk 00:36:36]} {[%emt 00:04:00]} 27. Rxg8+ {[%clk
00:20:49]} {[%emt 00:01:46]} Kxg8 {[%clk 00:36:35]} {[%emt 00:00:31]} 28. Kd1
{[%clk 00:19:41]} {[%emt 00:01:37]} Re5 {[%clk 00:36:15]} {[%emt 00:00:51]} 29.
Rd8+ {[%clk 00:16:36]} {[%emt 00:03:35]} Bf8 {[%clk 00:36:39]} {[%emt
00:00:06]} 30. Nd4 {[%clk 00:16:45]} {[%emt 00:00:22]} Rd5 {[%clk 00:30:15]}
{[%emt 00:06:53]} 31. Rxd5 {[%clk 00:17:07]} {[%emt 00:00:07]} cxd5 {[%clk
00:30:41]} {[%emt 00:00:05]} 32. Nf5 {[%clk 00:17:00]} {[%emt 00:00:37]} Bc5
{[%clk 00:28:04]} {[%emt 00:03:08]} 33. b4 {[%clk 00:17:12]} {[%emt 00:00:18]}
Bg1 {[%clk 00:28:27]} {[%emt 00:00:06]} 34. h3 {[%clk 00:17:25]} {[%emt
00:00:15]} Kf8 {[%clk 00:24:15]} {[%emt 00:04:43]} 35. Ke2 {[%clk 00:13:18]}
{[%emt 00:04:38]} Ke8 {[%clk 00:24:28]} {[%emt 00:00:17]} 36. a4 {[%clk
00:12:53]} {[%emt 00:00:55]} Kd7 {[%clk 00:24:41]} {[%emt 00:00:17]} 37. Kf3
{[%clk 00:11:34]} {[%emt 00:01:49]} Bh2 {[%clk 00:23:56]} {[%emt 00:01:13]} 38.
Nd4 {[%clk 00:09:36]} {[%emt 00:02:29]} a6 {[%clk 00:23:24]} {[%emt 00:01:03]}
39. Kg4 {[%clk 00:08:33]} {[%emt 00:01:33]} Kd6 {[%clk 00:22:38]} {[%emt
00:01:16]} 40. Kh5 {[%clk 00:01:44]} {[%emt 00:07:18]} Bf4 {[%clk 00:22:13]}
{[%emt 00:00:55]} 41. Kg4 {[%clk 00:29:26]} {[%emt 00:02:49]} Bd2 {[%clk
00:51:22]} {[%emt 00:01:21]} 42. Ne2 {[%clk 00:29:49]} {[%emt 00:00:07]} Ke5
{[%clk 00:51:28]} {[%emt 00:00:24]} 43. Kf3 {[%clk 00:28:25]} {[%emt 00:01:53]}
f5 {[%clk 00:51:38]} {[%emt 00:00:21]} 44. Kg2 {[%clk 00:21:12]} {[%emt
00:07:43]} f4 {[%clk 00:51:04]} {[%emt 00:01:03]} 45. Kf3 {[%clk 00:18:28]}
{[%emt 00:03:14]} f5 {[%clk 00:51:28]} {[%emt 00:00:06]} 46. b5 {[%clk
00:15:41]} {[%emt 00:03:18]} axb5 {[%clk 00:51:32]} {[%emt 00:00:27]} 47. axb5
{[%clk 00:16:10]} Kd6 {[%clk 00:51:25]} {[%emt 00:00:37]} 48. b6 {[%clk
00:11:48]} {[%emt 00:04:53]} Kc6 {[%clk 00:51:28]} {[%emt 00:00:26]} 49. Nd4+
{[%clk 00:07:31]} {[%emt 00:04:47]} Kxb6 {[%clk 00:51:49]} {[%emt 00:00:09]}
50. Nxf5 {[%clk 00:07:56]} {[%emt 00:00:05]} Kc5 {[%clk 00:50:27]} {[%emt
00:01:51]} 51. Ne7 {[%clk 00:05:29]} {[%emt 00:02:57]} Kc4 {[%clk 00:47:37]}
{[%emt 00:03:21]} 52. h4 {[%clk 00:04:40]} {[%emt 00:01:19]} h5 {[%clk
00:45:17]} {[%emt 00:02:49]} 53. Nf5 {[%clk 00:04:49]} {[%emt 00:00:21]} Kxc3
{[%clk 00:45:25]} {[%emt 00:00:23]} 54. Ng7 {[%clk 00:05:16]} {[%emt 00:00:03]}
d4 {[%clk 00:45:35]} {[%emt 00:00:19]} 55. Nxh5 {[%clk 00:05:43]} {[%emt
00:00:03]} d3 {[%clk 00:45:23]} {[%emt 00:00:43]} 56. Nf6 {[%clk 00:06:09]}
{[%emt 00:00:04]} Kd4 {[%clk 00:44:42]} {[%emt 00:01:10]} 57. h5 {[%clk
00:01:26]} {[%emt 00:05:14]} Be3 {[%clk 00:44:30]} {[%emt 00:00:42]} 58. Ne4
{[%clk 00:01:02]} {[%emt 00:00:54]} Ke5 {[%clk 00:41:56]} {[%emt 00:03:04]} 59.
h6 {[%clk 00:01:11]} {[%emt 00:00:21]} Kf5 {[%clk 00:41:46]} {[%emt 00:00:38]}
60. h7 {[%clk 00:01:06]} {[%emt 00:00:37]} Bd4 {[%clk 00:42:09]} {[%emt
00:00:06]} 61. Nd6+ {[%clk 00:00:38]} {[%emt 00:00:58]} Kg6 {[%clk 00:41:56]}
{[%emt 00:00:43]} 62. Nc4 {[%clk 00:00:47]} {[%emt 00:00:22]} Kxh7 {[%clk
00:39:50]} {[%emt 00:02:35]} 1/2-1/2

[Event "DEM U18 2024"]
[Site "Willingen GER"]
[Date "2024.05.24"]
[Round "8"]
[White "Hoffmann, Kay"]
[Black "Duong, Quang Bach"]
[Result "1/2-1/2"]
[Termination "normal"]
[Board "13"]
[WhiteElo "2047"]
[BlackElo "2168"]
[WhiteClock "00:21:18"]
[BlackClock "00:25:07"]
[PlyCount "91"]
[WhiteFideId "16227000"]
[BlackFideId "16287045"]
[EventCountry "GER"]
[EventRounds "9"]
[EventType "swiss"]
[EventDate "2024.05.18"]

1. d4 {[%clk 01:30:59]} d5 {[%clk 01:30:55]} {[%emt 00:00:05]} 2. c4 {[%clk
01:31:23]} {[%emt 00:00:06]} e6 {[%clk 01:31:21]} {[%emt 00:00:04]} 3. Nc3
{[%clk 01:31:48]} {[%emt 00:00:05]} Nf6 {[%clk 01:30:31]} {[%emt 00:01:21]} 4.
Nf3 {[%clk 01:32:11]} {[%emt 00:00:06]} dxc4 {[%clk 01:30:48]} {[%emt
00:00:13]} 5. e3 {[%clk 01:30:12]} {[%emt 00:02:29]} a6 {[%clk 01:31:13]}
{[%emt 00:00:06]} 6. a4 {[%clk 01:30:18]} {[%emt 00:00:24]} c5 {[%clk
01:31:28]} {[%emt 00:00:15]} 7. Bxc4 {[%clk 01:29:19]} {[%emt 00:01:28]} Nc6
{[%clk 01:31:47]} {[%emt 00:00:11]} 8. O-O {[%clk 01:28:46]} {[%emt 00:01:02]}
Qc7 {[%clk 01:31:11]} {[%emt 00:01:07]} 9. Qe2 {[%clk 01:06:02]} {[%emt
00:23:14]} Bd6 {[%clk 01:30:56]} {[%emt 00:00:46]} 10. dxc5 {[%clk 00:59:28]}
{[%emt 00:07:03]} Bxc5 {[%clk 01:29:11]} {[%emt 00:02:16]} 11. Ng5 {[%clk
00:56:57]} {[%emt 00:02:59]} Ne5 {[%clk 01:22:45]} {[%emt 00:06:57]} 12. Nge4
{[%clk 00:49:39]} {[%emt 00:07:48]} Nfg4 {[%clk 01:15:18]} {[%emt 00:07:57]}
13. g3 {[%clk 00:48:48]} {[%emt 00:01:21]} Ba7 {[%clk 01:14:02]} {[%emt
00:01:46]} 14. Ba2 {[%clk 00:48:04]} {[%emt 00:01:14]} f5 {[%clk 01:05:47]}
{[%emt 00:08:46]} 15. Ng5 {[%clk 00:45:42]} {[%emt 00:02:50]} Qc6 {[%clk
01:04:16]} {[%emt 00:02:02]} 16. f4 {[%clk 00:41:55]} {[%emt 00:04:17]} h6
{[%clk 01:03:30]} {[%emt 00:01:17]} 17. Nf3 {[%clk 00:41:55]} {[%emt 00:00:29]}
Nxf3+ {[%clk 01:03:41]} {[%emt 00:00:18]} 18. Qxf3 {[%clk 00:42:11]} {[%emt
00:00:15]} Qxf3 {[%clk 01:03:49]} {[%emt 00:00:23]} 19. Rxf3 {[%clk 00:42:28]}
{[%emt 00:00:13]} Bd7 {[%clk 01:04:05]} {[%emt 00:00:13]} 20. h3 {[%clk
00:41:34]} {[%emt 00:01:24]} Bc6 {[%clk 01:03:27]} {[%emt 00:01:09]} 21. Rf1
{[%clk 00:41:57]} {[%emt 00:00:06]} Nxe3 {[%clk 01:01:20]} {[%emt 00:02:37]}
22. Bxe3 {[%clk 00:41:34]} {[%emt 00:00:53]} Bxe3+ {[%clk 01:01:46]} {[%emt
00:00:04]} 23. Kh2 {[%clk 00:42:00]} {[%emt 00:00:04]} Rd8 {[%clk 00:51:48]}
{[%emt 00:10:28]} 24. Rad1 {[%clk 00:38:11]} {[%emt 00:04:18]} Ke7 {[%clk
00:47:15]} {[%emt 00:05:04]} 25. Rfe1 {[%clk 00:36:18]} {[%emt 00:02:24]} Rd2+
{[%clk 00:46:59]} {[%emt 00:00:45]} 26. Rxd2 {[%clk 00:36:24]} {[%emt
00:00:24]} Bxd2 {[%clk 00:47:26]} {[%emt 00:00:04]} 27. Rxe6+ {[%clk 00:36:45]}
{[%emt 00:00:07]} Kd7 {[%clk 00:47:30]} {[%emt 00:00:27]} 28. Rg6 {[%clk
00:34:54]} {[%emt 00:02:21]} Bxc3 {[%clk 00:34:12]} {[%emt 00:13:48]} 29. bxc3
{[%clk 00:35:19]} {[%emt 00:00:05]} Bxa4 {[%clk 00:34:06]} {[%emt 00:00:36]}
30. Bd5 {[%clk 00:32:44]} {[%emt 00:03:05]} Bc6 {[%clk 00:28:47]} {[%emt
00:05:50]} 31. Bxc6+ {[%clk 00:31:57]} {[%emt 00:01:17]} bxc6 {[%clk 00:29:14]}
{[%emt 00:00:03]} 32. Rxg7+ {[%clk 00:32:19]} {[%emt 00:00:07]} Kd6 {[%clk
00:29:41]} {[%emt 00:00:03]} 33. Rg6+ {[%clk 00:28:31]} {[%emt 00:04:18]} Kd5
{[%clk 00:29:37]} {[%emt 00:00:34]} 34. Rf6 {[%clk 00:28:23]} {[%emt 00:00:38]}
Ra8 {[%clk 00:28:30]} {[%emt 00:01:37]} 35. Rxf5+ {[%clk 00:28:20]} {[%emt
00:00:33]} Kc4 {[%clk 00:28:56]} {[%emt 00:00:04]} 36. Ra5 {[%clk 00:26:57]}
{[%emt 00:01:53]} Kxc3 {[%clk 00:28:22]} {[%emt 00:01:03]} 37. Rc5+ {[%clk
00:27:22]} {[%emt 00:00:06]} Kd4 {[%clk 00:28:49]} {[%emt 00:00:04]} 38. Rxc6
{[%clk 00:27:46]} {[%emt 00:00:05]} a5 {[%clk 00:27:04]} {[%emt 00:02:15]} 39.
Rxh6 {[%clk 00:25:11]} {[%emt 00:03:05]} a4 {[%clk 00:27:32]} {[%emt 00:00:02]}
40. Rb6 {[%clk 00:25:33]} {[%emt 00:00:08]} a3 {[%clk 00:27:19]} {[%emt
00:00:43]} 41. Rb1 {[%clk 00:25:03]} {[%emt 00:01:00]} a2 {[%clk 00:26:02]}
{[%emt 00:01:47]} 42. Ra1 {[%clk 00:25:27]} {[%emt 00:00:05]} Ke4 {[%clk
00:25:43]} {[%emt 00:00:50]} 43. Kg2 {[%clk 00:21:06]} {[%emt 00:04:50]} Kf5
{[%clk 00:24:28]} {[%emt 00:01:46]} 44. Kf3 {[%clk 00:20:29]} {[%emt 00:01:06]}
Ra3+ {[%clk 00:24:50]} {[%emt 00:00:08]} 45. Kg2 {[%clk 00:20:55]} {[%emt
00:00:04]} Ra8 {[%clk 00:25:07]} {[%emt 00:00:14]} 46. Kf3 {[%clk 00:21:18]}
{[%emt 00:00:07]} 1/2-1/2

[Event "DEM U18 2024"]
[Site "Willingen GER"]
[Date "2024.05.24"]
[Round "8"]
[White "Demchenko, Yaroslav"]
[Black "Scharf, Christian"]
[Result "0-1"]
[Termination "normal"]
[Board "14"]
[WhiteElo "1996"]
[BlackElo "1819"]
[WhiteClock "00:35:48"]
[BlackClock "00:28:51"]
[PlyCount "94"]
[WhiteFideId "14186667"]
[BlackFideId "16266110"]
[EventCountry "GER"]
[EventRounds "9"]
[EventType "swiss"]
[EventDate "2024.05.18"]

1. e4 {[%clk 01:30:58]} c5 {[%clk 01:30:53]} {[%emt 00:00:06]} 2. Nc3 {[%clk
01:31:01]} {[%emt 00:00:29]} Nc6 {[%clk 01:31:09]} {[%emt 00:00:14]} 3. Nge2
{[%clk 01:31:12]} {[%emt 00:00:19]} e6 {[%clk 01:25:16]} {[%emt 00:06:22]} 4.
d4 {[%clk 01:31:28]} {[%emt 00:00:15]} cxd4 {[%clk 01:25:29]} {[%emt 00:00:17]}
5. Nxd4 {[%clk 01:31:54]} {[%emt 00:00:04]} a6 {[%clk 01:24:18]} {[%emt
00:01:41]} 6. g3 {[%clk 01:31:39]} {[%emt 00:00:45]} Qc7 {[%clk 01:22:03]}
{[%emt 00:02:43]} 7. Bg2 {[%clk 01:31:53]} {[%emt 00:00:18]} Nf6 {[%clk
01:20:58]} {[%emt 00:01:34]} 8. O-O {[%clk 01:31:36]} {[%emt 00:00:48]} d6
{[%clk 01:18:06]} {[%emt 00:03:21]} 9. Re1 {[%clk 01:31:53]} {[%emt 00:00:14]}
Bd7 {[%clk 01:12:50]} {[%emt 00:05:45]} 10. g4 {[%clk 01:07:14]} {[%emt
00:25:09]} h6 {[%clk 01:09:06]} {[%emt 00:04:14]} 11. h3 {[%clk 01:06:37]}
{[%emt 00:01:08]} Be7 {[%clk 01:04:38]} {[%emt 00:04:57]} 12. Be3 {[%clk
01:06:54]} {[%emt 00:00:14]} O-O {[%clk 00:55:03]} {[%emt 00:10:05]} 13. f4
{[%clk 01:05:15]} {[%emt 00:02:08]} Rac8 {[%clk 00:51:28]} {[%emt 00:04:04]}
14. Qf3 {[%clk 00:53:07]} {[%emt 00:12:39]} b5 {[%clk 00:43:46]} {[%emt
00:08:12]} 15. h4 {[%clk 00:37:05]} {[%emt 00:16:33]} Nxd4 {[%clk 00:40:55]}
{[%emt 00:03:19]} 16. Bxd4 {[%clk 00:35:31]} {[%emt 00:02:06]} e5 {[%clk
00:39:07]} {[%emt 00:02:17]} 17. g5 {[%clk 00:29:17]} {[%emt 00:06:45]} exd4
{[%clk 00:38:49]} {[%emt 00:00:47]} 18. gxf6 {[%clk 00:29:40]} {[%emt
00:00:07]} dxc3 {[%clk 00:36:58]} {[%emt 00:02:21]} 19. fxe7 {[%clk 00:29:59]}
{[%emt 00:00:12]} Rfe8 {[%clk 00:37:22]} {[%emt 00:00:06]} 20. bxc3 {[%clk
00:22:59]} {[%emt 00:07:30]} Qxc3 {[%clk 00:37:06]} {[%emt 00:00:45]} 21. Qxc3
{[%clk 00:20:53]} {[%emt 00:02:37]} Rxc3 {[%clk 00:37:31]} {[%emt 00:00:04]}
22. e5 {[%clk 00:18:23]} {[%emt 00:03:00]} dxe5 {[%clk 00:32:46]} {[%emt
00:05:15]} 23. Rxe5 {[%clk 00:18:52]} {[%emt 00:00:02]} Rxc2 {[%clk 00:31:19]}
{[%emt 00:01:55]} 24. Rd1 {[%clk 00:18:21]} {[%emt 00:01:02]} Rc7 {[%clk
00:31:42]} {[%emt 00:00:07]} 25. Rd6 {[%clk 00:17:50]} {[%emt 00:01:01]} a5
{[%clk 00:25:41]} {[%emt 00:06:31]} 26. f5 {[%clk 00:11:02]} {[%emt 00:07:18]}
f6 {[%clk 00:19:28]} {[%emt 00:06:43]} 27. Re3 {[%clk 00:10:13]} {[%emt
00:01:20]} Bxf5 {[%clk 00:18:40]} {[%emt 00:01:17]} 28. Rd8 {[%clk 00:09:55]}
{[%emt 00:00:48]} Bg6 {[%clk 00:18:59]} {[%emt 00:00:11]} 29. Bd5+ {[%clk
00:09:44]} {[%emt 00:00:41]} Kh8 {[%clk 00:17:11]} {[%emt 00:02:19]} 30. Ra8
{[%clk 00:05:25]} {[%emt 00:04:49]} Rxa8 {[%clk 00:17:04]} {[%emt 00:00:36]}
31. Bxa8 {[%clk 00:05:54]} {[%emt 00:00:02]} Be8 {[%clk 00:17:09]} {[%emt
00:00:24]} 32. Bd5 {[%clk 00:05:16]} {[%emt 00:01:09]} g5 {[%clk 00:16:31]}
{[%emt 00:01:07]} 33. Kf2 {[%clk 00:05:20]} {[%emt 00:00:26]} Kg7 {[%clk
00:15:57]} {[%emt 00:01:03]} 34. Kf3 {[%clk 00:03:00]} {[%emt 00:02:51]} b4
{[%clk 00:12:45]} {[%emt 00:03:43]} 35. Kg4 {[%clk 00:02:45]} {[%emt 00:00:45]}
Rc5 {[%clk 00:08:27]} {[%emt 00:04:48]} 36. Be6 {[%clk 00:02:45]} {[%emt
00:00:29]} h5+ {[%clk 00:08:21]} {[%emt 00:00:36]} 37. Kg3 {[%clk 00:02:48]}
{[%emt 00:00:27]} Rc3 {[%clk 00:08:43]} {[%emt 00:00:08]} 38. Rxc3 {[%clk
00:03:06]} {[%emt 00:00:13]} bxc3 {[%clk 00:09:08]} {[%emt 00:00:05]} 39. Bb3
{[%clk 00:03:13]} {[%emt 00:00:22]} a4 {[%clk 00:08:18]} {[%emt 00:01:21]} 40.
Bd1 {[%clk 00:03:25]} {[%emt 00:00:18]} g4 {[%clk 00:08:09]} {[%emt 00:00:38]}
41. a3 {[%clk 00:03:40]} {[%emt 00:00:16]} Kf7 {[%clk 00:07:46]} {[%emt
00:00:52]} 42. Bc2 {[%clk 00:03:57]} {[%emt 00:00:13]} Kxe7 {[%clk 00:07:58]}
{[%emt 00:00:18]} 43. Kf4 {[%clk 00:04:20]} {[%emt 00:00:07]} Bd7 {[%clk
00:03:32]} {[%emt 00:04:56]} 44. Kg3 {[%clk 00:04:37]} {[%emt 00:00:14]} Kd6
{[%clk 00:02:48]} {[%emt 00:01:14]} 45. Kf4 {[%clk 00:05:00]} {[%emt 00:00:06]}
Kd5 {[%clk 00:00:32]} {[%emt 00:02:46]} 46. Be4+ {[%clk 00:05:23]} {[%emt
00:00:07]} Kd4 {[%clk 00:30:07]} {[%emt 00:00:55]} 47. Bc2 {[%clk 00:35:48]}
{[%emt 00:00:05]} Be6 {[%clk 00:28:51]} {[%emt 00:01:46]} 0-1

[Event "DEM U18 2024"]
[Site "Willingen GER"]
[Date "2024.05.24"]
[Round "8"]
[White "Abou Wally, Adrian"]
[Black "Passin, Connor"]
[Result "1-0"]
[Termination "normal"]
[Board "15"]
[WhiteElo "1917"]
[BlackElo "1882"]
[WhiteClock "00:02:00"]
[BlackClock "00:01:17"]
[PlyCount "71"]
[WhiteFideId "16245113"]
[BlackFideId "16259459"]
[EventCountry "GER"]
[EventRounds "9"]
[EventType "swiss"]
[EventDate "2024.05.18"]

1. e4 {[%clk 01:30:59]} e5 {[%clk 01:30:55]} {[%emt 00:00:06]} 2. Nf3 {[%clk
01:31:26]} {[%emt 00:00:03]} Nc6 {[%clk 01:31:21]} {[%emt 00:00:04]} 3. Bb5
{[%clk 01:31:49]} {[%emt 00:00:07]} f5 {[%clk 01:31:46]} {[%emt 00:00:05]} 4.
Nc3 {[%clk 01:32:13]} {[%emt 00:00:05]} fxe4 {[%clk 01:32:11]} {[%emt
00:00:06]} 5. Nxe4 {[%clk 01:32:09]} {[%emt 00:00:34]} Nf6 {[%clk 01:32:28]}
{[%emt 00:00:12]} 6. Qe2 {[%clk 01:31:58]} {[%emt 00:00:41]} d5 {[%clk
01:32:44]} {[%emt 00:00:14]} 7. Nxf6+ {[%clk 01:32:14]} {[%emt 00:00:14]} gxf6
{[%clk 01:33:09]} {[%emt 00:00:06]} 8. d4 {[%clk 01:31:57]} {[%emt 00:00:47]}
Bg7 {[%clk 01:11:13]} {[%emt 00:22:25]} 9. dxe5 {[%clk 01:31:42]} {[%emt
00:00:46]} O-O {[%clk 01:04:01]} {[%emt 00:07:41]} 10. Bxc6 {[%clk 01:30:42]}
{[%emt 00:01:30]} bxc6 {[%clk 01:04:12]} {[%emt 00:00:19]} 11. e6 {[%clk
01:29:36]} {[%emt 00:01:37]} Qd6 {[%clk 00:52:37]} {[%emt 00:12:05]} 12. Nd4
{[%clk 01:20:05]} {[%emt 00:10:00]} f5 {[%clk 00:51:44]} {[%emt 00:01:24]} 13.
c3 {[%clk 01:06:52]} {[%emt 00:13:43]} Bxd4 {[%clk 00:31:53]} {[%emt 00:20:21]}
14. cxd4 {[%clk 01:07:15]} {[%emt 00:00:07]} Bxe6 {[%clk 00:25:09]} {[%emt
00:07:13]} 15. O-O {[%clk 01:00:54]} {[%emt 00:06:52]} f4 {[%clk 00:23:42]}
{[%emt 00:01:56]} 16. f3 {[%clk 00:57:43]} {[%emt 00:03:41]} c5 {[%clk
00:22:41]} {[%emt 00:01:32]} 17. Re1 {[%clk 00:42:01]} {[%emt 00:16:11]} Rae8
{[%clk 00:22:11]} {[%emt 00:01:00]} 18. dxc5 {[%clk 00:42:22]} {[%emt
00:00:09]} Qxc5+ {[%clk 00:22:29]} {[%emt 00:00:12]} 19. Qf2 {[%clk 00:42:45]}
{[%emt 00:00:07]} Qd6 {[%clk 00:20:47]} {[%emt 00:02:12]} 20. Bd2 {[%clk
00:41:56]} {[%emt 00:01:19]} c5 {[%clk 00:20:24]} {[%emt 00:00:54]} 21. Rac1
{[%clk 00:37:23]} {[%emt 00:05:02]} d4 {[%clk 00:19:16]} {[%emt 00:01:39]} 22.
b3 {[%clk 00:37:21]} {[%emt 00:00:31]} Rf5 {[%clk 00:18:13]} {[%emt 00:01:33]}
23. Qh4 {[%clk 00:36:39]} {[%emt 00:01:12]} Ref8 {[%clk 00:16:06]} {[%emt
00:02:38]} 24. Rc2 {[%clk 00:28:06]} {[%emt 00:09:02]} R8f6 {[%clk 00:15:02]}
{[%emt 00:01:34]} 25. Bc1 {[%clk 00:17:17]} {[%emt 00:11:20]} Kg7 {[%clk
00:14:03]} {[%emt 00:01:28]} 26. Rce2 {[%clk 00:15:04]} {[%emt 00:02:43]} h6
{[%clk 00:12:15]} {[%emt 00:02:19]} 27. Qg4+ {[%clk 00:11:40]} {[%emt
00:03:53]} Kh8 {[%clk 00:08:09]} {[%emt 00:04:36]} 28. Bxf4 {[%clk 00:03:18]}
{[%emt 00:08:52]} Qd7 {[%clk 00:08:38]} 29. Bg3 {[%clk 00:01:06]} {[%emt
00:02:42]} d3 {[%clk 00:06:54]} {[%emt 00:02:14]} 30. Rd2 {[%clk 00:00:40]}
{[%emt 00:00:56]} Rxf3 {[%clk 00:03:13]} {[%emt 00:04:11]} 31. Qe4 {[%clk
00:01:07]} {[%emt 00:00:02]} R3f5 {[%clk 00:01:51]} {[%emt 00:01:53]} 32. Be5
{[%clk 00:01:16]} {[%emt 00:00:20]} Bd5 {[%clk 00:00:31]} {[%emt 00:01:51]} 33.
Bxf6+ {[%clk 00:01:24]} {[%emt 00:00:22]} Rxf6 {[%clk 00:01:00]} 34. Qe8+
{[%clk 00:01:17]} {[%emt 00:00:37]} Qxe8 {[%clk 00:00:55]} {[%emt 00:00:35]}
35. Rxe8+ {[%clk 00:01:43]} {[%emt 00:00:04]} Kg7 {[%clk 00:01:17]} {[%emt
00:00:08]} 36. Rxd3 {[%clk 00:02:00]} {[%emt 00:00:14]} 1-0